| 000 -LEADER |
| fixed length control field |
01569cam a22003494a 4500 |
| 001 - CONTROL NUMBER |
| control field |
12126927 |
| 003 - CONTROL NUMBER IDENTIFIER |
| control field |
OSt |
| 005 - DATE AND TIME OF LATEST TRANSACTION |
| control field |
20170207121440.0 |
| 008 - FIXED-LENGTH DATA ELEMENTS--GENERAL INFORMATION |
| fixed length control field |
000801s2000 ohuab bc 000 0 eng |
| 010 ## - LIBRARY OF CONGRESS CONTROL NUMBER |
| LC control number |
00107401 |
| 020 ## - INTERNATIONAL STANDARD BOOK NUMBER |
| International Standard Book Number |
094071759X |
| 040 ## - CATALOGING SOURCE |
| Original cataloging agency |
DLC |
| Transcribing agency |
DLC |
| 042 ## - AUTHENTICATION CODE |
| Authentication code |
pcc |
| 043 ## - GEOGRAPHIC AREA CODE |
| Geographic area code |
a-cc--- |
| -- |
n-us-wi |
| -- |
n-us-oh |
| 050 00 - LIBRARY OF CONGRESS CALL NUMBER |
| Classification number |
NK8440.2.C6 |
| Item number |
C472 2000 |
| 100 1# - MAIN ENTRY--PERSONAL NAME |
| Personal name |
Chou, Ju-hsi. |
| 245 10 - TITLE STATEMENT |
| Title |
Circles of reflection : |
| Remainder of title |
the Carter collection of Chinese bronze mirrors / |
| Statement of responsibility, etc. |
Ju-Hsi Chou ; technical analysis by Bruce Christman. |
| 246 1# - VARYING FORM OF TITLE |
| Display text |
Cover title also in Chinese: |
| Title proper/short title |
Jian ri zhi kuang |
| 260 ## - PUBLICATION, DISTRIBUTION, ETC. (IMPRINT) |
| Place of publication, distribution, etc. |
Cleveland, Ohio : |
| Name of publisher, distributor, etc. |
Cleveland Museum of Art, |
| Date of publication, distribution, etc. |
c2000. |
| 300 ## - PHYSICAL DESCRIPTION |
| Extent |
x, 132 p. : |
| Other physical details |
ill. (some col.), map ; |
| Dimensions |
28 cm. |
| 500 ## - GENERAL NOTE |
| General note |
Published on occasion of an exhibition held at Cleveland Museum of Art, Sept. 17-Nov. 26, 2000. |
| 504 ## - BIBLIOGRAPHY, ETC. NOTE |
| Bibliography, etc |
Includes bibliographical references (p. 129-132). |
| 600 10 - SUBJECT ADDED ENTRY--PERSONAL NAME |
| Personal name |
Carter, Thomas, |
| Titles and other words associated with a name |
Dr. |
| General subdivision |
Art collections |
| Form subdivision |
Exhibitions. |
| 600 10 - SUBJECT ADDED ENTRY--PERSONAL NAME |
| Personal name |
Carter, Martha, |
| Titles and other words associated with a name |
Dr. |
| General subdivision |
Art collections |
| Form subdivision |
Exhibitions. |
| 610 20 - SUBJECT ADDED ENTRY--CORPORATE NAME |
| Corporate name or jurisdiction name as entry element |
Cleveland Museum of Art |
| Form subdivision |
Exhibitions. |
| 650 #0 - SUBJECT ADDED ENTRY--TOPICAL TERM |
| Topical term or geographic name as entry element |
Bronze mirrors |
| Geographic subdivision |
China |
| Form subdivision |
Exhibitions. |
| 650 #0 - SUBJECT ADDED ENTRY--TOPICAL TERM |
| Topical term or geographic name as entry element |
Bronze mirrors |
| General subdivision |
Private collections |
| Geographic subdivision |
Ohio |
| -- |
Cleveland |
| Form subdivision |
Exhibitions. |
| 650 #0 - SUBJECT ADDED ENTRY--TOPICAL TERM |
| Topical term or geographic name as entry element |
Bronze mirrors |
| Geographic subdivision |
Ohio |
| -- |
Cleveland |
| Form subdivision |
Exhibitions. |
| 906 ## - LOCAL DATA ELEMENT F, LDF (RLIN) |
| a |
7 |
| b |
cbc |
| c |
orignew |
| d |
2 |
| e |
epcn |
| f |
20 |
| g |
y-gencatlg |
| 942 ## - ADDED ENTRY ELEMENTS (KOHA) |
| Source of classification or shelving scheme |
|
| Koha item type |
Hard Covered Materials |
| Classification part |
NK 8440.2 .C6C472 2000 |
| 987 ## - LOCAL ROMANIZATION/CONVERSION HISTORY (OCLC) |
| Romanization/conversion identifier |
PINYIN |
| Agency that converted, created or reviewed |
DLC |
| Date of conversion or review |
20020920 |